2025 MLB Network Top 100 Players Right Now - Statistics

General Stats
  • This quiz has been taken 17 times
  • The average score is 75 of 100
Answer Stats
Rank Team Position Player % Correct
2. NYY RF Aaron Judge
100%
36. LAD SP Blake Snell
100%
3. KCR SS Bobby Witt Jr.
100%
12. PHI 1B Bryce Harper
100%
32. ARI RF Corbin Carroll
100%
17. TEX SS Corey Seager
100%
31. CIN SS Elly De La Cruz
100%
22. SDP RF Fernando Tatis Jr.
100%
6. NYM SS Francisco Lindor
100%
8. LAD 1B Freddie Freeman
100%
30. HOU 2B Jose Altuve
100%
9. CLE 3B Jose Ramirez
100%
4. NYM RF Juan Soto
100%
23. SEA CF Julio Rodriguez
100%
18. ARI 2B Ketel Marte
100%
14. CHC RF Kyle Tucker
100%
29. SDP 3B Manny Machado
100%
39. LAA CF Mike Trout
100%
5. LAD SS Mookie Betts
100%
15. PIT SP Paul Skenes
100%
16. ATL RF Ronald Acuna Jr.
100%
1. LAD DH Shohei Ohtani
100%
11. DET SP Tarik Skubal
100%
13. TOR 1B Vladimir Guerrero Jr.
100%
28. MIL C William Contreras
100%
86. STL C Willson Contreras
100%
7. HOU LF Yordan Alvarez
100%
37. BOS 3B Alex Bregman
92%
68. MIN CF Byron Buxton
92%
20. ATL SP Chris Sale
92%
61. MIL LF Christian Yelich
92%
26. NYY SP Gerrit Cole
92%
10. BAL 3B Gunnar Henderson
92%
34. ATL 1B Matt Olson
92%
21. BOS 3B Rafael Devers
92%
35. PHI SS Trea Turner
92%
59. SEA C Cal Raleigh
85%
27. BOS LF Jarren Duran
85%
60. LAD C Will Smith
85%
63. LAD SP Yoshinobu Yamamoto
85%
76. ARI SP Zac Gallen
85%
19. PHI SP Zack Wheeler
85%
58. BAL C Adley Rutschman
77%
33. ATL 3B Austin Riley
77%
87. SEA SP Bryce Miller
77%
42. MIN SS Carlos Correa
77%
72. NYY CF Cody Bellinger
77%
25. ARI SP Corbin Burnes
77%
57. CLE RP Emmanuel Clase
77%
70. CIN SP Hunter Greene
77%
40. MIL LF Jackson Chourio
77%
99. TEX SP Jacob deGrom
77%
80. PHI C JT Realmuto
77%
65. PHI DH Kyle Schwarber
77%
50. SFG SP Logan Webb
77%
78. ATH RP Mason Miller
77%
38. SFG 3B Matt Chapman
77%
44. NYY SP Max Fried
77%
49. NYM 1B Pete Alonso
77%
54. DET LF Riley Greene
77%
79. KCR C Salvador Perez
77%
66. CLE LF Steven Kwan
77%
52. LAD RF Teoscar Hernandez
77%
55. SDP SP Dylan Cease
69%
56. BOS SP Garrett Crochet
69%
24. SDP CF Jackson Merrill
69%
62. TEX 2B Marcus Semien
69%
95. STL 3B Nolan Arenado
69%
96. NYY 1B Paul Goldschmidt
69%
73. CHC RF Seiya Suzuki
69%
71. LAD SP Tyler Glasnow
69%
48. HOU 1B Christian Walker
62%
45. HOU SP Framber Valdez
62%
98. WAS LF James Wood
62%
51. SEA SP Logan Gilbert
62%
47. ATL DH Marcell Ozuna
62%
67. ATL CF Michael Harris II
62%
41. SFG SS Willy Adames
62%
46. ATH LF Brent Rooker
54%
43. KCR SP Cole Ragans
54%
93. CHC SS Dansby Swanson
54%
75. SEA SP George Kirby
54%
100. LAD SP Roki Sasaki
54%
77. NYY RP Devin Williams
46%
69. SDP SP Michael King
46%
82. MIN 3B Royce Lewis
46%
64. CHC SP Shota Imanaga
46%
53. TOR RF Anthony Santander
38%
91. NYM LF Brandon Nimmo
38%
85. HOU 3B Isaac Paredes
38%
84. ATL LF Jurickson Profar
38%
88. CHC SP Justin Steele
38%
89. DET RF Kerry Carpenter
38%
92. CHC LF Ian Happ
31%
83. SDP 1B Luis Arraez
31%
81. NYM 3B Mark Vientos
31%
94. STL SS Masyn Winn
31%
74. KCR SP Seth Lugo
31%
90. ATH RF Lawrence Butler
23%
97. TEX LF Wyatt Langford
23%
No matching quizzes found
Score Distribution
Percent of People with Each Score
Percentile by Number Answered
Your Score History
You have not taken this quiz